000 01153nam a2200265 a 4500
005 20170925145714.0
008 170925t2016 ck abd||r|||| 00| 0 spa d
020 _a9789588901220
040 _aCO-BoIAVH
_cCO-BoIAVH
041 0 _aspa
044 _ack
082 0 4 _a599.31
_bC71p
110 1 _aColombia
_bMinisterio de Medio Ambiente y Desarrollo Sostenible
245 1 0 _aPrograma nacional para la conservación y uso sostenible de las especies del superorden Xenarthra presentes en Colombia :
_bplan de acción 2014-2023 /
260 _aBogotá (Colombia) :
_bMinisterio de Ambiente y Desarrollo Sostenible,
_c2016.
300 _a56 páginas :
_bilustraciones, mapas y gráficas ;
_c28 x 21 cm.
504 _aIncluye referencias bibliográficas.
650 2 6 _aFauna
_zColombia
650 2 6 _aXenarthra
_xConservación
_zColombia
_vplanes de acción
650 2 6 _aXenarthra
_xDistribución de la población
_zColombia
650 2 6 _aOso hormiguero
_xconservación
_zColombia
650 2 6 _aArmadillo
_xconservación
_zColombia
650 2 6 _aPerezosos
_xconservación
_zColombia
942 _2ddc
_cLIBRO
999 _c19860
_d19860